| 000 | 00674nam a2200241 a 4500 | ||
|---|---|---|---|
| 001 | 000082043 | ||
| 005 | 20200120224652.0 | ||
| 008 | 161129s2016 ck ||||gr|||| 001 ||spa d | ||
| 020 | _a9789583510946 | ||
| 041 | 0 | _a-¿spa | |
| 043 | _as-ck--- | ||
| 082 | 0 | 4 |
_a340.1 _bB61 _221 |
| 100 | 1 | _aBobbio, Norberto. | |
| 245 | 1 | 0 |
_aTeoría general del derecho / _cNorberto Bobbio. |
| 250 | _a5a. ed. | ||
| 260 |
_aBogotá : _bEditorial Temis, _c2016. |
||
| 300 | _a284 páginas. | ||
| 500 | _aIncluye índice | ||
| 650 | 1 | 7 |
_aTeoría del derecho _vLEMB |
| 650 | 2 | 7 |
_aPositivismo jurídico _vLEMB |
| 650 | 2 | 7 |
_aPrescripción _x(Derecho) _vLEMB |
| 650 | 2 | 4 | _aOrdenamiento jurídico |
| 999 |
_c10451 _d10451 |
||